[Event "SLO-chT3 West"]
[Site "Komenda"]
[Date "2022.12.11"]
[Round "5.4"]
[White "Cepin, Drago"]
[Black "Cizman, Gregor"]
[Result "1-0"]
[WhiteElo "1000"]
[BlackElo "1501"]
[PlyCount "51"]
[EventDate "2022.12.09"]
[EventType "team-swiss"]
[EventRounds "5"]
[EventCountry "SLO"]
[SourceTitle "EXT 2024"]
[Source "ChessBase"]
[SourceDate "2023.10.10"]
[SourceVersion "1"]
[SourceVersionDate "2023.10.10"]
[SourceQuality "1"]
[WhiteTeam "Val Koper"]
[BlackTeam "Ljubljana Karel Jeraj"]
[WhiteTeamCountry "SLO"]
[BlackTeamCountry "SLO"]

1. e4 c6 2. d4 d5 3. e5 Bf5 4. g4 Bg6 5. h4 h6 6. e6 fxe6 7. Bd3 Bf7 8. h5 Kd7 9. Nf3 Qe8 10. Ne5+ Kc8 11. Qf3 Nf6 12. Nxf7 Qxf7 13. Bg6 Qg8 14. Bf4 Nbd7 15. Be5 Kd8 16. Qb3 a6 17. f3 Nh7 18. a4 Ng5 19. a5 Nf7 20. f4 Nd6 21. Nd2 Rb8 22. c4 Ra8 23. Qa4 Nf6 24. Rg1 Kd7 25. Rc1 Nfe4 26. b4 1-0